Một số vấn đề về hiến pháp và bộ máy nhà nước
Enregistré dans:
| Auteur principal: | |
|---|---|
| Format: | Livre |
| Langue: | Undetermined |
| Publié: |
Hà Nội
Giao thông vận tại
2001
|
| Sujets: | |
| Tags: |
Ajouter un tag
Pas de tags, Soyez le premier à ajouter un tag!
|
| Thư viện lưu trữ: | Trung tâm Học liệu Trường Đại học Cần Thơ |
|---|
| LEADER | 00557nam a2200169Ia 4500 | ||
|---|---|---|---|
| 001 | CTU_46896 | ||
| 008 | 210402s9999 xx 000 0 und d | ||
| 082 | |a 342.597 | ||
| 082 | |b D513/2001 | ||
| 100 | |a NGUYỄN ĐĂNG DUNG | ||
| 245 | 0 | |a Một số vấn đề về hiến pháp và bộ máy nhà nước | |
| 245 | 0 | |c NGUYỄN ĐĂNG DUNG | |
| 260 | |a Hà Nội | ||
| 260 | |b Giao thông vận tại | ||
| 260 | |c 2001 | ||
| 650 | |a administration law - vietnam | ||
| 980 | |a Trung tâm Học liệu Trường Đại học Cần Thơ | ||